000
00326nam a2200145Ia 4500
008
210210b1939 xxu||||| |||| 00| 0 eng d
041
_a
eng
082
_a
444/547
100
_a
SOSCOUET (R)
245
_a
Nandram
260
_a
Mangalore
_b
Kodialbail press
_c
1939
650
_a
Nandram
690
_a
French
906
_a
006741
999
_c
129733
_d
129733